000 00389 a2200169 4500
001 157665
020 _a978-85-359-0777-3
040 _cEscola São Tomás de Aquino
100 _aMIRANDA, Ana
240 1 0 _aBoca do inferno
_l
245 1 0 _aBoca do inferno
300 _a308
362 0 _a2006
440 1 _aCompanhia das Letras
697 _aRomance / Ficção latina
942 _cBK
999 _c157665
_d157665